ASHP's clinical pearls (Record no. 27437)

MARC details
000 -LEADER
fixed length control field 00469nam a2200169Ia 4500
020 ## - INTERNATIONAL STANDARD BOOK NUMBER
ISBN 9781585282180
050 ## - CALL MARK
Classification number RM 301.28 .A84/
245 #0 - TITLE STATEMENT
Title ASHP's clinical pearls
260 ## - PUBLICATION, DISTRIBUTION, ETC. (IMPRINT)
Place of publication Bethesda
260 ## - PUBLICATION, DISTRIBUTION, ETC. (IMPRINT)
Name of publisher American Society of Health-System Pharmacists
260 ## - PUBLICATION, DISTRIBUTION, ETC. (IMPRINT)
Year of publication c2009
300 ## - PHYSICAL DESCRIPTION
Number of Pages 129 p
650 ## - SUBJECT ADDED ENTRY--TOPICAL TERM
Topical Term Clinical pharmacology--Case studies. Drug Therapy--Congresses.
942 ## - ADDED ENTRY ELEMENTS (KOHA)
Koha item type Books
Holdings
Withdrawn status Lost status Source of classification or shelving scheme Damaged status Not for loan Permanent Location Current Location Date acquired Accession Number Price effective from Koha item type
    Library of Congress Classification     NILE UNIVERSITY OF NIGERIA - MAIN LIBRARY NILE UNIVERSITY OF NIGERIA - MAIN LIBRARY 04/23/2025 0000150 04/23/2025 Books